Southville International School and Colleges
Your cart is empty.
  • Cart
  • Lists
    Public lists Eva Luna New books Lux_list list_1
    Your lists Log in to create your own lists
  • Log in to your account
  • Your cookies
  • Search history
Southville International School and Colleges
  • Advanced search
  • Recent comments
  • Most popular
  • Libraries

Log in to your account

Log in with GOOGLE


If you do not have an external account, but do have a local account, you can still log in:

  1. Home
  2. MARC view: Java programming :
Normal view MARC view ISBD view

Java programming : (Record no. 297712)

[ view plain ]
MARC details
000 -LEADER
fixed length control field 00564nam a22001817a 4500
003 - CONTROL NUMBER IDENTIFIER
control field SISC
005 - DATE AND TIME OF LATEST TRANSACTION
control field 20160714102217.0
008 - FIXED-LENGTH DATA ELEMENTS--GENERAL INFORMATION
fixed length control field 160714b xxu||||| |||| 00| 0 eng d
020 ## - INTERNATIONAL STANDARD BOOK NUMBER
International Standard Book Number 9789814716994
050 ## - LIBRARY OF CONGRESS CALL NUMBER
Classification number QA 76.73.J38
Item number .M468 2016
100 ## - MAIN ENTRY--PERSONAL NAME
Personal name Mayfield, Blayne.
245 ## - TITLE STATEMENT
Title Java programming :
Remainder of title from problem analysis to program design lab manual /
Statement of responsibility, etc Blayne Mayfield.
250 ## - EDITION STATEMENT
Edition statement 3rd edition.
260 ## - PUBLICATION, DISTRIBUTION, ETC. (IMPRINT)
Place of publication, distribution, etc Singapore :
Name of publisher, distributor, etc Cengage Learning,
Date of publication, distribution, etc 2016.
300 ## - PHYSICAL DESCRIPTION
Extent ix, 321 pages :
Other physical details illustrations ;
Dimensions 26 cm.
500 ## - GENERAL NOTE
General note Includes index.
942 ## - ADDED ENTRY ELEMENTS (KOHA)
Source of classification or shelving scheme Library of Congress Classification
Koha item type Books
Holdings
Withdrawn status Lost status Source of classification or shelving scheme Damaged status Home library Current library Shelving location Date acquired Source of acquisition Sub Shelving location Total Checkouts Full call number Barcode Date last seen Price effective from Koha item type
    Library of Congress Classification   College Library College Library Graduate Section 07/14/2016 Library Fund     QA 76.73.J38 .M468 2016 C20610 05/15/2018 07/14/2016 Books

Java programming :

APA

Mayfield B., . (2016). Java programming. Singapore: Cengage Learning.

Chicago

Mayfield Blayne, . 2016. Java programming. Singapore: Cengage Learning.

Harvard

Mayfield B., . (2016). Java programming. Singapore: Cengage Learning.

MLA

Mayfield Blayne, . Java programming. Singapore: Cengage Learning. 2016.

  • Place hold
  • Print
  • Cite
  • Add to your cart (remove)
  • Save record
    BIBTEX Dublin Core MARCXML MARC (non-Unicode/MARC-8) MARC (Unicode/UTF-8) MARC (Unicode/UTF-8, Standard) MODS (XML) RIS
  • More searches
    Search for this title in:
    Other Libraries (WorldCat) Other Databases (Google Scholar) Online Stores (Bookfinder.com) Open Library (openlibrary.org)

Exporting to Dublin Core...

SOUTHVILLE LIBRARY

Southville International School and Colleges Library

1281 Tropical Ave. Cor. Luxembourg St., BF Homes International, Las Pinas City

Tel. No. 8256374 / 252358 Loc. 117/146

Powered by Koha